Taphonomy of the faunal remains of a rural roman farmsite, San Giovanni di Ruoti, Italy /

Bibliographic Details
Main Author: Hunter, Cristi Assad, 1950-
Format: Thesis eBook
Language:English
Published: [Place of publication not identified] : [publisher not identified] ; 1986.
Subjects:
Online Access:Link to OAKTrust copy

MARC

Tag First Indicator Second Indicator Subfields
LEADER 00000cam a2200000 a 4500
001 in00000017456
005 20220103114947.0
007 cr unu a
008 880630s1986 xx b 00010 eng d
035 |9 AAB2091AM 
035 |a (OCoLC)18155632 
040 |a TXA  |c TXA  |d UtOrBLW 
043 |a e-it--- 
049 |a TXAZ [Also in] [Archives]  |c 1 [A10710345], 2 [A10710395] 
099 |a 1986  |a Thesis  |a H945 
100 1 |a Hunter, Cristi Assad,  |d 1950- 
245 1 0 |a Taphonomy of the faunal remains of a rural roman farmsite, San Giovanni di Ruoti, Italy /  |c by Cristi Assad Hunter. 
264 1 |a [Place of publication not identified] :  |b [publisher not identified] ;  |c 1986. 
300 |a x, 191 leaves :  |b  illustrations ;  |c 29 cm. 
336 |a text  |b txt  |2 rdacontent 
337 |a computer  |b c  |2 rdamedia 
338 |a online resource  |b cr  |2 rdacarrier 
500 |a "Major subject: Anthropology." 
500 |a Typescript (photocopy). 
500 |a Vita. 
502 |b M.A.  |c Texas A&M University  |d 1986. 
504 |a Bibliography: leaves 152-162. 
530 |a Also available online. 
650 0 |a Animal remains (Archaeology)  |z Italy  |x Analysis. 
650 0 |a Excavations (Archaeology)  |z Italy  |z San Giovanni di Ruoti Site. 
650 4 |a Major anthropology. 
651 0 |a San Giovanni di Ruoti Site (Italy) 
856 4 1 |u https://hdl.handle.net/1969.1/ETD-TAMU-1986-THESIS-H945  |z Link to OAKTrust copy  |t 0 
999 |a MARS 
999 f f |s ec14871b-2f32-3ef2-8ec7-b5917e173f78  |i 2d896bbe-deff-3a92-a4c8-d112e9abc93a  |t 0 
952 f f |p noncirc  |a Texas A&M University  |b J.J. Pickle Campus  |c High Density Repository  |s HDR  |d Remote Storage  |t 0  |e 1986 Thesis H946  |h Other scheme  |i computer -- online resource  |m A14839620208 
952 f f |a Texas A&M University  |b College Station  |c Electronic Resources  |s www_evans  |d Available Online  |t 0  |e 1986 Thesis H945  |h Other scheme 
998 f f |a 1986 Thesis H945  |t 0  |l Available Online 
998 f f |a 1986 Thesis H946  |t 0  |l Remote Storage